000 01695nam a22002293 4500
001 199461
010 _a978-989-623462-1
021 _b499222/22
_aPT
090 _a199461
100 _a20251204d u||y0pory50 ba
200 _aMr. Loverman
_fBernardine Evaristo
_gtraduȯ̂ Miguel Romeira
205 _a
210 _aLisboa
_cElsinore
_d2022
215 _a327, [4] p.
_cbrochado
_d24 cm
330 _a
606 _917
_aLiteratura Inglesa
675 _a821.111-3
_vPT
_zpor
700 _915265
_aEvaristo
_bBernardine
702 _98084
_aRomeira
_bMiguel
801 _aPT
_bBMMN
_gRPC
830 _cAna
_fAna
990 _cLIVROS